| 000 | 00340nam a22001457a 4500 | ||
|---|---|---|---|
| 003 | OSt | ||
| 005 | 20160727222338.0 | ||
| 008 | 160617b xxu||||| |||| 00| 0 eng d | ||
| 040 | _cTEST | ||
| 100 |
_911 _aFujikawa, G |
||
| 245 |
_a1,2,3 _bA Counting Book |
||
| 260 |
_aCanada, _bZokisha _c1981 |
||
| 300 | _a1,2,3 A Counting Book | ||
| 942 |
_2ddc _cBK |
||
| 999 |
_c11 _d11 |
||